|
|
|
|
| LEADER |
00000nam0a2200000 4500 |
| 001 |
30034 |
| 005 |
20231101205940.0 |
| 010 |
|
|
|a 5811403682
|
| 035 |
|
|
|a (RuTPU)RU\TPU\book\30301
|
| 035 |
|
|
|a BOOK00030377
|
| 090 |
|
|
|a 30034
|
| 100 |
|
|
|a 20011209d2001 m y0rusy50 ca
|
| 101 |
0 |
|
|a rus
|
| 102 |
|
|
|a RU
|
| 105 |
|
|
|a a j 001zy
|
| 200 |
1 |
|
|a Полупроводниковые приборы
|e учебник
|f В. В. Пасынков, Л. К. Чиркин
|
| 205 |
|
|
|a 5-е изд., испр.
|
| 210 |
|
|
|a СПб.
|c Лань
|d 2001
|
| 215 |
|
|
|a 480 с.
|c ил.
|
| 320 |
|
|
|a Предметный указ.: с. 468-479
|
| 451 |
|
1 |
|0 (RuTPU)RU\TPU\book\56548
|y 5-8114-0368-2
|t Полупроводниковые приборы
|o учебник для вузов
|f В. В. Пасынков, Л. К. Чиркин
|e 6-е изд., стер.
|c СПб.
|n Лань
|d 2002
|p 480 с.
|a Пасынков, Владимир Васильевич
|
| 451 |
|
1 |
|0 (RuTPU)RU\TPU\book\35545
|t Полупроводниковые приборы
|o учебное пособие
|f В. В. Пасынков, Л. К. Чиркин
|e 4-е изд., перераб. и доп.
|c М.
|n Высшая школа
|d 1987
|p 478 с.
|s Учебники для вузов. Специальная литература
|a Пасынков, Владимир Васильевич
|
| 606 |
1 |
|
|a Полупроводниковые приборы
|2 stltpush
|3 (RuTPU)RU\TPU\subj\50669
|9 69320
|
| 610 |
1 |
|
|a электроника
|
| 610 |
1 |
|
|a полупроводники
|
| 610 |
1 |
|
|a физика
|
| 610 |
1 |
|
|a контактные явления
|
| 610 |
1 |
|
|a полупроводниковые диоды
|
| 610 |
1 |
|
|a биполярные транзисторы
|
| 610 |
1 |
|
|a тиристоры
|
| 610 |
1 |
|
|a полевые транзисторы
|
| 610 |
1 |
|
|a интегральные микросхемы
|
| 610 |
1 |
|
|a варисторы
|
| 610 |
1 |
|
|a терморезисторы
|
| 610 |
1 |
|
|a оптоэлектронные приборы
|
| 610 |
1 |
|
|a учебники
|
| 675 |
|
|
|a 621.382(075.8)
|v 3
|
| 700 |
|
1 |
|a Пасынков
|b В. В.
|g Владимир Васильевич
|
| 701 |
|
1 |
|a Чиркин
|b Л. К.
|g Лев Константинович
|
| 801 |
|
0 |
|a RU
|b 63413507
|c 20011209
|g PSBO
|
| 801 |
|
2 |
|a RU
|b 63413507
|c 20201028
|g PSBO
|
| 900 |
|
|
|a Физические основы электроники
|
| 900 |
|
|
|a Электроника и микроэлектроника
|
| 900 |
|
|
|a Твердотельная электроника
|
| 900 |
|
|
|a Микроэлектроника
|
| 942 |
|
|
|c BK
|